[Event "DM Kort Paaske 1 Grp1 2025"]
[Site "Svendborg"]
[Date "2025.04.14"]
[Round "4"]
[White "Ramsdal, Lasse Andreas"]
[Black "Mermer, Yunus"]
[Result "1/2-1/2"]
[WhiteElo "1968"]
[BlackElo "1726"]
[WhiteFideId "1440675"]
[BlackFideId "6374603"]
[EventDate "2025.04.12"]
[EventType "swiss"]
[EventRounds "5"]
[EventCountry "DEN"]
[SourceTitle "Live v. Kasper Jerwiarz"]

1. d4 d5 2. c4 c6 3. cxd5 cxd5 4. Nc3 Nf6 5. Bf4 e6 6. e3 Bd6 7. Bxd6 Qxd6 8. Nf3 Nc6 9. Be2 O-O 10. O-O b6 11. Rc1 Bb7 12. a3 a6 13. b4 b5 14. Rc2 Ne4 15. Nxe4 dxe4 16. Nd2 Ne7 17. Nb3 Bd5 18. Nc5 f5 19. f3 g5 20. Qc1 Nc6 21. fxe4 fxe4 22. Rxf8+ Kxf8 23. Qf1+ Kg7 24. Bh5 Rf8 25. Rf2 e5 26. Rxf8 Qxf8 27. Qxf8+ Kxf8 28. Nd7+ Ke7 29. Nxe5 Nxe5 30. dxe5 Ke6 31. Bg4+ Kxe5 32. Bc8 Bc6 33. Bxa6 Kd5 34. Kf2 Kc4 35. a4 Kxb4 36. axb5 Bxb5 37. Bb7 Bd3 38. g3 1/2-1/2

[Event "DM Kort Paaske 1 Grp1 2025"]
[Site "Svendborg"]
[Date "2025.04.14"]
[Round "4"]
[White "Marcussen, Claus"]
[Black "Ringsmose, Christian"]
[Result "0-1"]
[WhiteElo "1830"]
[BlackElo "1944"]
[WhiteFideId "1506021"]
[BlackFideId "1451669"]
[EventDate "2025.04.12"]
[EventType "swiss"]
[EventRounds "5"]
[EventCountry "DEN"]
[SourceTitle "Live v. Kasper Jerwiarz"]

1. f4 Nf6 2. Nf3 e6 3. e3 d5 4. d4 Be7 5. Bd3 b6 6. Qe2 a5 7. Nbd2 O-O 8. O-O Ba6 9. c4 Qc8 10. b3 g6 11. Ne5 Bb7 12. g4 Ne4 13. g5 f6 14. gxf6 Bxf6 15. Qg2 Nxd2 16. Bxd2 dxc4 17. Be4 Bxe4 18. Qxe4 Nd7 19. bxc4 Bxe5 20. fxe5 Rf5 21. Qg2 Kh8 22. e4 Rxf1+ 23. Rxf1 Qe8 24. Bh6 Kg8 25. Bg5 Nf8 26. Qg4 Qd7 27. d5 h5 28. Qh3 Kg7 29. Qe3 exd5 30. exd5 Qg4+ 31. Kh1 Qxc4 32. Qf3 Nd7 33. Qf7+ Kh8 34. Bh6 Qe4+ 35. Rf3 Rg8 36. Kg2 Nxe5 0-1

[Event "DM Kort Paaske 1 Grp1 2025"]
[Site "Svendborg"]
[Date "2025.04.14"]
[Round "4"]
[White "Koch Mueller, Oscar"]
[Black "Skytte, Robert"]
[Result "1/2-1/2"]
[WhiteElo "2057"]
[BlackElo "1909"]
[WhiteFideId "1447955"]
[BlackFideId "1471775"]
[EventDate "2025.04.12"]
[EventType "swiss"]
[EventRounds "5"]
[EventCountry "DEN"]
[SourceTitle "Live v. Kasper Jerwiarz"]

1. d4 d5 2. c4 e6 3. Nc3 c5 4. cxd5 cxd4 5. Qxd4 Nc6 6. Qd1 exd5 7. Qxd5 Bd6 8. Nf3 Nf6 9. Qd1 O-O 10. Bg5 h6 11. Bh4 g5 12. Bg3 Bb4 13. Qxd8 Rxd8 14. a3 Ba5 15. e3 Ne4 16. Rc1 f6 17. Bc4+ Kg7 18. O-O Bxc3 19. bxc3 g4 20. Nd4 Nd2 21. Nxc6 bxc6 22. Rfd1 Bf5 23. Be2 Rd7 24. f3 gxf3 25. gxf3 Rad8 26. Kf2 Be6 27. c4 Nb3 28. Rxd7+ Rxd7 29. Rc3 Nd2 30. Bd3 Rb7 31. Bd6 Rb2 32. Kg3 h5 33. h4 Bf7 34. c5 Bg6 35. Bxg6 Kxg6 36. Kf4 Nb1 37. Rd3 Ra2 38. Be7 Kf7 39. Bd8 Rxa3 40. Rd6 Nc3 41. Rxc6 Ne2+ 42. Ke4 Ng3+ 43. Kf4 Ne2+ 44. Ke4 Ng3+ 45. Kd4 Nf5+ 46. Kd5 Nxe3+ 47. Ke4 f5+ 48. Ke5 Nc4+ 49. Kd4 Nd2 50. f4 Nf3+ 51. Kc4 Ra4+ 52. Kb5 Rxf4 53. Rh6 Nd4+ 54. Ka6 Ne6 55. c6 Rc4 56. c7 Nxc7+ 57. Bxc7 Kg7 58. Rxh5 Rxc7 59. Rxf5 1/2-1/2

[Event "DM Kort Paaske 1 Grp1 2025"]
[Site "Svendborg"]
[Date "2025.04.14"]
[Round "4"]
[White "Rasmussen, Steen Hulthin"]
[Black "Mihaila, Radu Stefan"]
[Result "0-1"]
[WhiteElo "2013"]
[BlackElo "1908"]
[WhiteFideId "1419307"]
[BlackFideId "2852638"]
[EventDate "2025.04.12"]
[EventType "swiss"]
[EventRounds "5"]
[EventCountry "DEN"]
[SourceTitle "Live v. Kasper Jerwiarz"]

1. d4 Nf6 2. g3 d5 3. Nf3 e6 4. Bg2 Nbd7 5. O-O Bd6 6. b3 c6 7. Bb2 O-O 8. Nbd2 Qe7 9. c4 e5 10. dxe5 Nxe5 11. Re1 Ne4 12. cxd5 Nxf2 13. Qc2 Nh3+ 14. Bxh3 Bxh3 15. Nxe5 Bxe5 16. dxc6 Bxb2 17. Qxb2 Qe3+ 18. Kh1 Qf2 19. Rg1 Qxe2 20. cxb7 Rad8 21. Nc4 Qf3+ 22. Rg2 Rd1+ 23. Rxd1 Qxd1+ 24. Rg1 Qf3+ 25. Rg2 Qxb7 26. Kg1 Qxg2+ 27. Qxg2 Bxg2 28. Kxg2 Re8 29. Kf2 Re6 30. a4 Kf8 31. Na3 a6 32. Nc4 Ke7 33. Kf3 Re1 34. Nd2 f5 35. h4 Kd6 36. b4 Ra1 37. Nc4+ Kc7 38. Nb2 Ra2 39. Nc4 Rxa4 40. Ne3 g6 41. h5 Kc6 42. hxg6 hxg6 43. Nc2 Kb5 44. Kf4 Rxb4+ 45. Nxb4 Kxb4 46. Kg5 a5 47. Kxg6 a4 48. g4 fxg4 0-1

[Event "DM Kort Paaske 1 Grp1 2025"]
[Site "Svendborg"]
[Date "2025.04.14"]
[Round "4"]
[White "Hansen, Simon"]
[Black "Bonnez, Finn"]
[Result "1-0"]
[WhiteElo "1863"]
[BlackElo "1962"]
[WhiteFideId "1477820"]
[BlackFideId "1403800"]
[EventDate "2025.04.12"]
[EventType "swiss"]
[EventRounds "5"]
[EventCountry "DEN"]
[SourceTitle "Live v. Kasper Jerwiarz"]

1. d4 d5 2. c4 c6 3. Nc3 Nf6 4. Nf3 e6 5. Bg5 Nbd7 6. e3 Qa5 7. Nd2 Bb4 8. Qc2 O-O 9. Be2 dxc4 10. Bxf6 Nxf6 11. Nxc4 Bxc3+ 12. bxc3 Qd5 13. O-O b5 14. Ne5 Bb7 15. Bf3 Qd6 16. c4 Rab8 17. Rfb1 a6 18. a4 c5 19. cxb5 cxd4 20. Nc6 Bxc6 21. Qxc6 Qxc6 22. bxc6 dxe3 23. Rxb8 exf2+ 24. Kxf2 Rxb8 25. c7 Rc8 26. Rd1 Nd5 27. Bxd5 Rxc7 28. Bc4 g5 29. Bxa6 Rc2+ 30. Be2 Ra2 31. Rd4 Kg7 32. g4 f5 33. gxf5 exf5 34. Rd7+ Kf6 35. Ra7 Ke5 36. a5 h5 37. a6 Kf4 38. Rb7 g4 39. a7 h4 40. Rg7 g3+ 41. hxg3+ hxg3+ 42. Kg1 Ra5 43. Re7 Ra1+ 44. Kg2 Ra2 45. Kh3 g2 46. Kxg2 Kg5 47. Kf3 Ra3+ 48. Kf2 Ra2 49. Ke3 f4+ 50. Kd4 Kf6 51. Rc7 Ra3 52. Bf3 Ra2 53. Re7 1-0

[Event "DM Kort Paaske 1 Grp1 2025"]
[Site "Svendborg"]
[Date "2025.04.14"]
[Round "5"]
[White "Wahlgreen, Noah Krug"]
[Black "Kromann, Asbjorn Alois Damgaard"]
[Result "1/2-1/2"]
[WhiteElo "2076"]
[BlackElo "1987"]
[WhiteFideId "1457349"]
[BlackFideId "1482386"]
[EventDate "2025.04.12"]
[EventType "swiss"]
[EventRounds "5"]
[EventCountry "DEN"]
[SourceTitle "Live v. Kasper Jerwiarz"]

1. e4 c5 2. Nf3 d6 3. d4 cxd4 4. Nxd4 Nf6 5. Nc3 g6 6. Be3 Bg7 7. f3 O-O 8. Qd2 Nc6 9. O-O-O Nxd4 10. Bxd4 Be6 11. Kb1 Qc7 12. h4 Rfc8 13. h5 Qa5 14. hxg6 hxg6 15. a3 Bc4 16. Bxf6 Bxf6 17. Nd5 Qxd2 18. Nxf6+ Kg7 19. Nh5+ gxh5 20. Rxd2 Bxf1 21. Rxf1 Rc5 22. Rh1 Rg5 23. Kc1 Kf6 24. f4 Rg4 25. e5+ dxe5 26. fxe5+ Ke6 27. Rxh5 Rag8 28. Rh6+ R4g6 29. Rxg6+ Rxg6 30. b4 Rg5 31. Rd8 Rxe5 32. Rb8 Rb5 33. c4 Rb6 34. c5 Ra6 35. Kb2 b6 36. c6 Kd6 37. b5 Ra5 38. Rd8+ Kc7 39. Rd7+ Kc8 40. a4 Rxa4 41. Kb3 Rg4 42. Rxa7 Rg5 43. Kc4 Rg4+ 44. Kc3 Rg5 45. Kc4 Rg4+ 46. Kd3 Rg5 47. Rxe7 Rxb5 48. Rxf7 Rg5 49. Kc4 Rxg2 50. Rb7 Rc2+ 51. Kb5 Rb2+ 52. Ka6 Ra2+ 53. Kxb6 Rb2+ 54. Ka7 Ra2+ 55. Kb6 1/2-1/2

[Event "DM Kort Paaske 1 Grp1 2025"]
[Site "Svendborg"]
[Date "2025.04.14"]
[Round "5"]
[White "Frydendahl, Noah Skotte"]
[Black "Ramsdal, Lasse Andreas"]
[Result "0-1"]
[WhiteElo "2040"]
[BlackElo "1968"]
[WhiteFideId "1473239"]
[BlackFideId "1440675"]
[EventDate "2025.04.12"]
[EventType "swiss"]
[EventRounds "5"]
[EventCountry "DEN"]
[SourceTitle "Live v. Kasper Jerwiarz"]

1. e4 c5 2. Nf3 d6 3. d4 cxd4 4. Nxd4 Nf6 5. Nc3 Nc6 6. Be2 e5 7. Nb3 Be6 8. O-O d5 9. exd5 Nxd5 10. Nxd5 Qxd5 11. Be3 O-O-O 12. Qxd5 Bxd5 13. c4 Be6 14. Rfd1 Be7 15. a3 f5 16. f3 Kb8 17. Nc5 Bf7 18. b4 Nd4 19. Bxd4 exd4 20. Nb3 Bg5 21. Bd3 g6 22. g3 Be3+ 23. Kg2 Rc8 24. Nc5 Rhd8 25. Rab1 Ka8 26. Rbc1 Bxc1 27. Rxc1 Re8 28. g4 Re3 29. gxf5 Rxc5 30. fxg6 Rg5+ 0-1

[Event "DM Kort Paaske 1 Grp1 2025"]
[Site "Svendborg"]
[Date "2025.04.14"]
[Round "5"]
[White "Mermer, Yunus"]
[Black "Ringsmose, Christian"]
[Result "1/2-1/2"]
[WhiteElo "1726"]
[BlackElo "1944"]
[WhiteFideId "6374603"]
[BlackFideId "1451669"]
[EventDate "2025.04.12"]
[EventType "swiss"]
[EventRounds "5"]
[EventCountry "DEN"]
[SourceTitle "Live v. Kasper Jerwiarz"]

1. d4 d5 2. c4 c6 3. Nc3 Nf6 4. Nf3 e6 5. Bg5 dxc4 6. e4 b5 7. e5 h6 8. Bh4 g5 9. Nxg5 hxg5 10. Bxg5 Be7 11. exf6 Bxf6 12. Bxf6 Qxf6 13. g3 Na6 14. Bg2 Bb7 15. Nxb5 cxb5 16. Bxb7 Nb4 17. O-O Rd8 18. Qd2 Nd3 19. Bc6+ Kf8 20. Bxb5 Qxd4 21. Qc3 Nxb2 22. Qxd4 Rxd4 23. Rfc1 Rh5 24. a4 Rc5 25. Rc3 Ke7 26. Rac1 Rd2 27. R3c2 Rxc2 28. Rxc2 c3 29. g4 a6 30. Bxa6 Nxa4 31. h4 Nb6 32. Bb7 Nd5 33. Bxd5 exd5 34. Kf1 f5 35. f3 Kf6 36. g5+ Ke5 37. g6 Kf6 38. h5 Kg7 39. Ke2 d4 40. Kd3 Rd5 41. f4 Kh6 42. Rg2 Rd7 43. Rg5 Rc7 44. Rg2 Rd7 45. Rg5 Rb7 46. Rg1 Rd7 47. Rg5 Kg7 48. Rxf5 Rc7 49. Rf7+ Rxf7 50. gxf7 Kxf7 51. f5 Kf6 52. h6 Kf7 53. Kc2 Kf6 54. Kd3 Kf7 1/2-1/2

[Event "DM Kort Paaske 1 Grp1 2025"]
[Site "Svendborg"]
[Date "2025.04.14"]
[Round "5"]
[White "Madsen, Hans Henrik"]
[Black "Skytte, Robert"]
[Result "1/2-1/2"]
[WhiteElo "2072"]
[BlackElo "1909"]
[WhiteFideId "1403117"]
[BlackFideId "1471775"]
[EventDate "2025.04.12"]
[EventType "swiss"]
[EventRounds "5"]
[EventCountry "DEN"]
[SourceTitle "Live v. Kasper Jerwiarz"]

1. d4 d5 2. c4 e6 3. Nc3 c5 4. e3 Nc6 5. Nf3 Nf6 6. Be2 a6 7. a3 dxc4 8. dxc5 Qxd1+ 9. Nxd1 Bxc5 10. Bxc4 b5 11. Be2 Bb7 12. b4 Be7 13. Bb2 O-O 14. O-O Rfd8 15. Nc3 Rac8 16. Rfd1 h6 17. Rxd8+ Rxd8 18. Rd1 1/2-1/2

[Event "DM Kort Paaske 1 Grp1 2025"]
[Site "Svendborg"]
[Date "2025.04.14"]
[Round "5"]
[White "Mihaila, Radu Stefan"]
[Black "Marcussen, Claus"]
[Result "1-0"]
[WhiteElo "1908"]
[BlackElo "1830"]
[WhiteFideId "2852638"]
[BlackFideId "1506021"]
[EventDate "2025.04.12"]
[EventType "swiss"]
[EventRounds "5"]
[EventCountry "DEN"]
[SourceTitle "Live v. Kasper Jerwiarz"]

1. e4 e5 2. Nf3 Nc6 3. Bc4 Bc5 4. c3 Nf6 5. d4 exd4 6. cxd4 Bb4+ 7. Nc3 d5 8. exd5 Nxd5 9. O-O Bxc3 10. bxc3 O-O 11. Ba3 Re8 12. Re1 Nb6 13. Bb5 Bd7 14. Bd3 Qf6 15. Qc2 h6 16. h3 Bxh3 17. Ne5 Qg5 18. Bh7+ 1-0

[Event "DM Kort Paaske 1 Grp1 2025"]
[Site "Svendborg"]
[Date "2025.04.14"]
[Round "5"]
[White "Hansen, Simon"]
[Black "Koch Mueller, Oscar"]
[Result "0-1"]
[WhiteElo "1863"]
[BlackElo "2057"]
[WhiteFideId "1477820"]
[BlackFideId "1447955"]
[EventDate "2025.04.12"]
[EventType "swiss"]
[EventRounds "5"]
[EventCountry "DEN"]
[SourceTitle "Live v. Kasper Jerwiarz"]

1. d4 Nf6 2. c4 e6 3. Nf3 d5 4. cxd5 exd5 5. Nc3 c6 6. Bg5 Be7 7. Qc2 g6 8. e3 Bf5 9. Bd3 Bxd3 10. Qxd3 Nbd7 11. O-O O-O 12. a3 a5 13. Rfc1 Ne4 14. Bh6 Re8 15. Nxe4 dxe4 16. Qxe4 Bxa3 17. Qc2 Bf8 18. Bxf8 Kxf8 19. Rd1 Nf6 20. Ne5 Qd5 21. Rdc1 Ra6 22. Qc5+ Qxc5 23. Rxc5 Rea8 24. Kf1 a4 25. Ra3 Ke7 26. Ke2 Ke6 27. f3 Ra5 28. Nd3 Nd7 29. Rxa5 Rxa5 30. b3 b5 31. b4 Ra7 32. e4 Nb6 33. Ne5 Rc7 34. Rc3 Kd6 35. g4 f6 36. Nd3 Nc4 37. Rc2 h5 38. gxh5 g5 39. f4 Rh7 40. Nb2 Nxb2 41. Rxb2 Rxh5 42. Kd1 Rh4 43. e5+ Kd5 44. Re2 gxf4 45. exf6 Rh8 46. Rf2 Ke4 47. Rc2 a3 48. Rxc6 Ra8 49. Rc1 Kxd4 50. f7 Rf8 51. Rc7 a2 52. Ra7 Rxf7 53. Rxa2 Kc3 54. Ke2 Kxb4 55. Kf3 Kc3 56. Ra6 b4 57. Rc6+ Kb2 58. Rb6 b3 59. Rb5 Kc2 60. Rc5+ Kb1 61. Rb5 b2 62. h4 Kc2 63. Rc5+ Kb3 64. Rb5+ Kc3 65. Rb6 Rf5 66. Rb7 Kc2 67. Rc7+ Kb3 68. Rb7+ Kc3 69. Rb6 Rc5 70. h5 Rxh5 71. Kxf4 Rh4+ 72. Ke3 Rb4 0-1

[Event "DM Kort Paaske 1 Grp1 2025"]
[Site "Svendborg"]
[Date "2025.04.14"]
[Round "5"]
[White "Bonnez, Finn"]
[Black "Rasmussen, Steen Hulthin"]
[Result "0-1"]
[WhiteElo "1962"]
[BlackElo "2013"]
[WhiteFideId "1403800"]
[BlackFideId "1419307"]
[EventDate "2025.04.12"]
[EventType "swiss"]
[EventRounds "5"]
[EventCountry "DEN"]
[SourceTitle "Live v. Kasper Jerwiarz"]

1. d4 e6 2. c4 d5 3. Nc3 Nf6 4. e3 Be7 5. Nf3 O-O 6. b3 c5 7. Bb2 Nc6 8. Be2 cxd4 9. exd4 dxc4 10. Bxc4 Qa5 11. O-O Rd8 12. Ne2 b5 13. Bd3 Nb4 14. a4 Nxd3 15. Qxd3 b4 16. Rfe1 Ba6 17. Qe3 Rac8 18. Rac1 Nd5 19. Qd2 Bf6 20. Ng3 Bb7 21. Ne4 Be7 22. Ne5 Nf6 23. Nxf6+ Bxf6 24. Rxc8 Rxc8 25. Nc4 Qd5 26. f3 Ba6 27. Qxb4 Bxc4 28. bxc4 Qxc4 29. Qd2 Qxa4 30. Ra1 Qd7 31. f4 Rb8 32. Bc3 Rb3 33. Rd1 Qd5 34. Bb4 g6 35. Bc5 Qb7 36. Rc1 a6 37. Rc2 Qb5 38. Qe2 Qxe2 39. Rxe2 Rd3 40. Re4 Rd2 41. Kf1 h5 42. h3 h4 43. Re2 Rd1+ 44. Re1 Rxe1+ 45. Kxe1 Bd8 46. Ke2 f5 47. Bd6 Kf7 48. Kd3 Ke8 49. Be5 Kd7 50. Bg7 Kc6 51. Kc4 Ba5 52. Bf6 Be1 53. Be7 a5 54. Bf6 a4 55. Be5 Bd2 56. Bf6 Bxf4 57. Bxh4 Bd6 58. Be1 Be7 59. Bc3 a3 60. Ba1 Bg5 61. Kb3 Bc1 62. Kc2 Be3 63. Kd3 f4 64. Bc3 Kd5 65. Ba1 Bc1 0-1